000 00602nam a2200181Ia 4500
005 20250923145127.0
008 008 250917s9999 xx 000 0 eng d
037 _aTextual
040 _aDSWL
_beng
_cDSWL
041 _aeng
_2eng
084 _aXN51.25392'N67t4, N68
_qDSWL
100 _aKalra, Romila
_9832026
245 0 _aPerception of Gramdan (An exploratory study) into the Gramdan Villages Image
_cby Romila Kalra
260 _aDelhi
_bSchool of Social Work
_c1968
300 _a64 p.
942 _cTEXL
_hXN51.25392'N67t4, N68
999 _c1447469
_d1447469